<?xml version="1.0" encoding="UTF-8"?>
<record
    xmlns:xsi="http://www.w3.org/2001/XMLSchema-instance"
    xsi:schemaLocation="http://www.loc.gov/MARC21/slim http://www.loc.gov/standards/marcxml/schema/MARC21slim.xsd"
    xmlns="http://www.loc.gov/MARC21/slim">

  <leader>00836na  a2200229   4500</leader>
  <controlfield tag="001">19485</controlfield>
  <controlfield tag="003">MIRAKIL</controlfield>
  <controlfield tag="005">20181213155108.0</controlfield>
  <controlfield tag="008">170102b        tu            000 0      </controlfield>
  <datafield tag="020" ind1=" " ind2=" ">
    <subfield code="a">9758573055</subfield>
  </datafield>
  <datafield tag="040" ind1=" " ind2=" ">
    <subfield code="a">Milas</subfield>
    <subfield code="b">tur</subfield>
    <subfield code="c">TR-AnCHP</subfield>
  </datafield>
  <datafield tag="041" ind1=" " ind2=" ">
    <subfield code="a">tur</subfield>
  </datafield>
  <datafield tag="082" ind1=" " ind2=" ">
    <subfield code="a">377.1</subfield>
    <subfield code="b">&#xDC;44 2005</subfield>
  </datafield>
  <datafield tag="090" ind1=" " ind2=" ">
    <subfield code="a">377.1 &#xDC;44 2005</subfield>
  </datafield>
  <datafield tag="111" ind1=" " ind2=" ">
    <subfield code="a">&#xDC;lkemizde Laik E&#x11F;itim Sisteminde Sosyal Bilimler Olarak Din &#xD6;&#x11F;retimi Kurultay&#x131; </subfield>
    <subfield code="c">Malatya</subfield>
    <subfield code="d">2005</subfield>
  </datafield>
  <datafield tag="245" ind1=" " ind2=" ">
    <subfield code="a">&#xDC;lkemizde laik e&#x11F;itim sisteminde sosyal bilimler olarak din &#xF6;&#x11F;retimi kurultay&#x131; </subfield>
    <subfield code="b">bildiri ve tart&#x131;&#x15F;malar</subfield>
    <subfield code="c">&#x130;n&#xF6;n&#xFC; &#xDC;niversitesi</subfield>
  </datafield>
  <datafield tag="260" ind1=" " ind2=" ">
    <subfield code="a">Malatya</subfield>
    <subfield code="b">&#x130;n&#xF6;n&#xFC; &#xDC;niversitesi</subfield>
    <subfield code="c">2005</subfield>
  </datafield>
  <datafield tag="300" ind1=" " ind2=" ">
    <subfield code="a">609 s.</subfield>
    <subfield code="c">24 sm.</subfield>
  </datafield>
  <datafield tag="650" ind1=" " ind2=" ">
    <subfield code="a">Din ve devlet</subfield>
    <subfield code="x">Toplant&#x131;lar</subfield>
    <subfield code="x">Laiklik</subfield>
    <subfield code="z">T&#xFC;rkiye</subfield>
  </datafield>
  <datafield tag="650" ind1=" " ind2=" ">
    <subfield code="a">&#x130;slam dini</subfield>
    <subfield code="x">E&#x11F;itim ve &#xF6;&#x11F;retim</subfield>
    <subfield code="x">Toplant&#x131;lar</subfield>
    <subfield code="z">T&#xFC;rkiye</subfield>
  </datafield>
  <datafield tag="942" ind1=" " ind2=" ">
    <subfield code="2">ddc</subfield>
    <subfield code="c">BKS</subfield>
  </datafield>
  <datafield tag="952" ind1=" " ind2=" ">
    <subfield code="a">0001</subfield>
    <subfield code="b">0001</subfield>
    <subfield code="d">2016-12-15</subfield>
    <subfield code="e">2</subfield>
    <subfield code="l">0</subfield>
    <subfield code="o">377.1 &#xDC;44 2005</subfield>
    <subfield code="p">010709</subfield>
    <subfield code="r">2016-12-15 00:00:00</subfield>
    <subfield code="v">0.00</subfield>
    <subfield code="w">2016-12-15</subfield>
    <subfield code="y">BKS</subfield>
  </datafield>
  <datafield tag="952" ind1=" " ind2=" ">
    <subfield code="a">0001</subfield>
    <subfield code="b">0001</subfield>
    <subfield code="d">2016-12-20</subfield>
    <subfield code="e">2</subfield>
    <subfield code="l">0</subfield>
    <subfield code="o">377.1 &#xDC;44 2005</subfield>
    <subfield code="p">010783</subfield>
    <subfield code="r">2016-12-20 00:00:00</subfield>
    <subfield code="t">k.2</subfield>
    <subfield code="v">0.00</subfield>
    <subfield code="w">2016-12-20</subfield>
    <subfield code="y">BKS</subfield>
  </datafield>
  <datafield tag="999" ind1=" " ind2=" ">
    <subfield code="c">6449</subfield>
    <subfield code="d">6449</subfield>
  </datafield>
</record>
